Lidl and Aldi Knock-Off Products Quiz Stats

 Plays Quiz not verified by Sporcle

Support Sporcle.
Go Orange.
Score 0/20 Timer 10:00
0 Plays Today
% Correct
Pringles
93.7%
Monster
86.3%
Red Bull
84.6%
Kit-Kat
82.9%
Mars
82.3%
Monster Munch
80.6%
Twix
78.9%
Pot Noodle
73.7%
Frosties
73.7%
Penguin
72.6%
% Correct
Fanta
69.1%
Lucozade
68.6%
Newcastle Brown Ale
66.9%
Stella Artois
61.7%
Pombears
61.1%
Weetabix
61.1%
Shreddies
55.4%
Golden Nuggets
43.4%
Krave
41.7%
Weetos
36.6%

You're not logged in!

Compare scores with friends on all Sporcle quizzes.
OR
Log In

From the Vault

Black-Themed Trivia

by tim_parr

Don't be dim. This quiz won't leave you in the dark.
Remove Ads.
Support Sporcle.
Get the best of Sporcle when you Go Orange. This ad-free experience offers more features, more stats, and more fun while also helping to support Sporcle. Thank you for becoming a member.

Show Comments

Extras

Created Nov 30, 2017ReportNominate
Tags:product

Top Quizzes Today


Score Distribution

Your Account Isn't Verified!

In order to create a playlist on Sporcle, you need to verify the email address you used during registration. Go to your Sporcle Settings to finish the process.

Report this User

Report this user for behavior that violates our Community Guidelines.

Details: